<?xml version="1.0" encoding="UTF-8"?>
<record
    xmlns:xsi="http://www.w3.org/2001/XMLSchema-instance"
    xsi:schemaLocation="http://www.loc.gov/MARC21/slim http://www.loc.gov/standards/marcxml/schema/MARC21slim.xsd"
    xmlns="http://www.loc.gov/MARC21/slim">

  <leader>00557nam a22001577a 4500</leader>
  <controlfield tag="003">OSt</controlfield>
  <controlfield tag="005">20151024150745.0</controlfield>
  <controlfield tag="008">151024b        xxu||||| |||| 00| 0 eng d</controlfield>
  <datafield tag="040" ind1=" " ind2=" ">
    <subfield code="c">RUA</subfield>
  </datafield>
  <datafield tag="082" ind1=" " ind2=" ">
    <subfield code="a">AVM THA 2012 B102 Or.1</subfield>
  </datafield>
  <datafield tag="100" ind1=" " ind2=" ">
    <subfield code="9">2808</subfield>
    <subfield code="a">THANH, CHANKIRY.</subfield>
  </datafield>
  <datafield tag="245" ind1=" " ind2=" ">
    <subfield code="a">Survey on common diseases in suckling piglet, &#x17A2;&#x1784;&#x17D2;&#x1780;&#x17C1;&#x178F;&#x179B;&#x17BE;&#x1787;&#x17C6;&#x1784;&#x17BA;&#x178A;&#x17C2;&#x179B;&#x1787;&#x17BC;&#x1794;&#x1794;&#x17D2;&#x179A;&#x1791;&#x17C7;&#x179B;&#x17BE;&#x1780;&#x17BC;&#x1780;&#x1787;&#x17D2;&#x179A;&#x17BC;&#x1780;&#x1780;&#x17C6;&#x17A1;&#x17BB;&#x1784;&#x1796;&#x17C1;&#x179B;&#x1794;&#x17C6;&#x1794;&#x17C5;&#x178A;&#x17C4;&#x17C7;</subfield>
  </datafield>
  <datafield tag="260" ind1=" " ind2=" ">
    <subfield code="a">Phnom Penh</subfield>
    <subfield code="b">RUA</subfield>
    <subfield code="c">2012</subfield>
  </datafield>
  <datafield tag="300" ind1=" " ind2=" ">
    <subfield code="a">ix; 37p.</subfield>
    <subfield code="b">ill.</subfield>
    <subfield code="c">29cm.</subfield>
  </datafield>
  <datafield tag="942" ind1=" " ind2=" ">
    <subfield code="2">ddc</subfield>
    <subfield code="c">AVM</subfield>
  </datafield>
  <datafield tag="999" ind1=" " ind2=" ">
    <subfield code="c">2628</subfield>
    <subfield code="d">2628</subfield>
  </datafield>
  <datafield tag="952" ind1=" " ind2=" ">
    <subfield code="0">0</subfield>
    <subfield code="1">0</subfield>
    <subfield code="2">ddc</subfield>
    <subfield code="4">0</subfield>
    <subfield code="6">AVM_THA_2012_000000000000000_B102_OR_1</subfield>
    <subfield code="7">0</subfield>
    <subfield code="9">12260</subfield>
    <subfield code="a">LBB</subfield>
    <subfield code="b">LBB</subfield>
    <subfield code="c">B102</subfield>
    <subfield code="d">2015-10-24</subfield>
    <subfield code="l">1</subfield>
    <subfield code="o">AVM THA 2012 B102 Or.1</subfield>
    <subfield code="p">RUA015202</subfield>
    <subfield code="r">2016-03-05</subfield>
    <subfield code="s">2016-02-02</subfield>
    <subfield code="w">2015-10-24</subfield>
    <subfield code="y">AVM</subfield>
  </datafield>
  <datafield tag="952" ind1=" " ind2=" ">
    <subfield code="0">0</subfield>
    <subfield code="1">0</subfield>
    <subfield code="2">ddc</subfield>
    <subfield code="4">0</subfield>
    <subfield code="6">AVM_THA_2012_000000000000000_B102_OR_2</subfield>
    <subfield code="7">0</subfield>
    <subfield code="9">12261</subfield>
    <subfield code="a">LBB</subfield>
    <subfield code="b">LBB</subfield>
    <subfield code="c">B102</subfield>
    <subfield code="d">2015-10-24</subfield>
    <subfield code="o">AVM THA 2012 B102 Or.2</subfield>
    <subfield code="p">RUA015271</subfield>
    <subfield code="r">2015-10-24</subfield>
    <subfield code="w">2015-10-24</subfield>
    <subfield code="y">AVM</subfield>
  </datafield>
  <datafield tag="952" ind1=" " ind2=" ">
    <subfield code="0">0</subfield>
    <subfield code="1">0</subfield>
    <subfield code="2">ddc</subfield>
    <subfield code="4">0</subfield>
    <subfield code="6">AVM_THA_2012_000000000000000_B102_OR_3</subfield>
    <subfield code="7">0</subfield>
    <subfield code="9">12262</subfield>
    <subfield code="a">LBB</subfield>
    <subfield code="b">LBB</subfield>
    <subfield code="c">B102</subfield>
    <subfield code="d">2015-10-24</subfield>
    <subfield code="l">5</subfield>
    <subfield code="o">AVM THA 2012 B102 Or.3</subfield>
    <subfield code="p">RUA009091</subfield>
    <subfield code="r">2018-12-14</subfield>
    <subfield code="s">2018-10-05</subfield>
    <subfield code="w">2015-10-24</subfield>
    <subfield code="y">AVM</subfield>
  </datafield>
  <datafield tag="952" ind1=" " ind2=" ">
    <subfield code="0">0</subfield>
    <subfield code="1">0</subfield>
    <subfield code="2">ddc</subfield>
    <subfield code="4">0</subfield>
    <subfield code="6">AVM_THA_2012_000000000000000_B102_OR_4</subfield>
    <subfield code="7">0</subfield>
    <subfield code="9">12263</subfield>
    <subfield code="a">LBB</subfield>
    <subfield code="b">LBB</subfield>
    <subfield code="c">B102</subfield>
    <subfield code="d">2015-10-24</subfield>
    <subfield code="l">2</subfield>
    <subfield code="o">AVM THA 2012 B102 Or.4</subfield>
    <subfield code="p">RUA018318</subfield>
    <subfield code="r">2016-08-19</subfield>
    <subfield code="s">2016-08-05</subfield>
    <subfield code="w">2015-10-24</subfield>
    <subfield code="y">AVM</subfield>
  </datafield>
  <datafield tag="952" ind1=" " ind2=" ">
    <subfield code="0">0</subfield>
    <subfield code="1">0</subfield>
    <subfield code="2">ddc</subfield>
    <subfield code="4">0</subfield>
    <subfield code="6">AVM_THA_2012_000000000000000_B102_OR_5</subfield>
    <subfield code="7">0</subfield>
    <subfield code="9">12264</subfield>
    <subfield code="a">LBB</subfield>
    <subfield code="b">LBB</subfield>
    <subfield code="c">B102</subfield>
    <subfield code="d">2015-10-24</subfield>
    <subfield code="o">AVM THA 2012 B102 Or.5</subfield>
    <subfield code="p">RUA018470</subfield>
    <subfield code="r">2015-10-24</subfield>
    <subfield code="w">2015-10-24</subfield>
    <subfield code="y">AVM</subfield>
  </datafield>
  <datafield tag="952" ind1=" " ind2=" ">
    <subfield code="0">0</subfield>
    <subfield code="1">0</subfield>
    <subfield code="2">ddc</subfield>
    <subfield code="4">0</subfield>
    <subfield code="6">AVM_THA_2012_000000000000000_B102_OR_6</subfield>
    <subfield code="7">0</subfield>
    <subfield code="9">12265</subfield>
    <subfield code="a">LBB</subfield>
    <subfield code="b">LBB</subfield>
    <subfield code="c">B102</subfield>
    <subfield code="d">2015-10-24</subfield>
    <subfield code="l">5</subfield>
    <subfield code="m">1</subfield>
    <subfield code="o">AVM THA 2012 B102 Or.6</subfield>
    <subfield code="p">RUA019086</subfield>
    <subfield code="r">2022-06-24</subfield>
    <subfield code="s">2022-06-07</subfield>
    <subfield code="w">2015-10-24</subfield>
    <subfield code="y">AVM</subfield>
  </datafield>
  <datafield tag="952" ind1=" " ind2=" ">
    <subfield code="0">0</subfield>
    <subfield code="1">0</subfield>
    <subfield code="2">ddc</subfield>
    <subfield code="4">0</subfield>
    <subfield code="6">AVM_THA_2012_000000000000000_B102_OR_7</subfield>
    <subfield code="7">0</subfield>
    <subfield code="9">37058</subfield>
    <subfield code="a">LBB</subfield>
    <subfield code="b">LBB</subfield>
    <subfield code="c">B102</subfield>
    <subfield code="d">2016-02-04</subfield>
    <subfield code="l">1</subfield>
    <subfield code="o">AVM THA 2012 B102 Or.7</subfield>
    <subfield code="p">RUA042308</subfield>
    <subfield code="r">2016-05-23</subfield>
    <subfield code="s">2016-05-07</subfield>
    <subfield code="w">2016-02-04</subfield>
    <subfield code="y">AVM</subfield>
  </datafield>
  <datafield tag="952" ind1=" " ind2=" ">
    <subfield code="0">0</subfield>
    <subfield code="1">0</subfield>
    <subfield code="2">ddc</subfield>
    <subfield code="4">0</subfield>
    <subfield code="6">AVM_THA_2012_000000000000000_B102_OR_1</subfield>
    <subfield code="7">0</subfield>
    <subfield code="9">92032</subfield>
    <subfield code="a">LBB</subfield>
    <subfield code="b">LBB</subfield>
    <subfield code="c">B102</subfield>
    <subfield code="d">2022-10-26</subfield>
    <subfield code="o">AVM THA 2012 B102 Or.1</subfield>
    <subfield code="p">a37276</subfield>
    <subfield code="r">2022-10-26</subfield>
    <subfield code="w">2022-10-26</subfield>
    <subfield code="y">AVM</subfield>
  </datafield>
</record>
